Sobre el realismo jurídico. El concepto de Derecho. Su fundamento. Su concreción judicial.

Guardat en:
Dades bibliogràfiques
Autor principal: Massini Correas, Carlos Ignacio (autor)
Altres autors: Birdart Campos, German J. (prólogo)
Format: Llibre
Idioma:espanyol
Publicat: Buenos Aires, Argentina: Abeledo-Perrot, 1978.
Matèries:
Etiquetes: Afegir etiqueta
Sense etiquetes, Sigues el primer a etiquetar aquest registre!

MARC

LEADER 00000nam a2200000 a 4500
001 UCV1577
003 CL-VaPUC
005 20220822114320.0
008 900827e19780000AG |||||||||||||||||spa|d
999 |c 209500  |d 209498 
040 |c Pontificia Universidad Católica de Valparaíso 
082 0 4 |a 340.11 MAS 1978  |2 21 
100 |a Massini Correas, Carlos Ignacio  |e autor  |9 556253 
245 1 0 |a Sobre el realismo jurídico.  |b El concepto de Derecho. Su fundamento. Su concreción judicial. 
260 |a Buenos Aires, Argentina:  |b Abeledo-Perrot,  |c 1978. 
300 |a 137 páginas.  
500 |a c.2 Donación Familia Prof. Alejandro Guzmán Brito. 
583 |a last modification  |c 19900827 00:00:00  |k Rodrigo Vera 
650 0 |a Derecho natural   |9 255041 
650 0 |a Justicia   |9 255408 
700 |a Birdart Campos, German J.   |e prólogo   |9 865874 
942 |c BK  |2 ddc  |n 0 
945 |d 19900827 00:00:00 
952 |0 0  |1 0  |4 0  |6 340_110000000000000_MAS_1978  |7 0  |8 DER_TF  |9 184931  |a BIBDER  |b BIBDER  |d 2019-11-14  |i 2522578  |o 340.11 MAS 1978  |p 2522578  |r 2023-01-25  |w 2019-11-14  |x Ubicación 4to Piso  |y BK  |z Estos recursos deben solicitarse con anticipación  |k DER 
952 |0 0  |1 0  |2 ddc  |4 0  |6 340_110000000000000_MAS_1978  |7 1  |8 C_AGB  |9 580615  |a BIBDER  |b BIBDER  |d 2022-01-18  |e Donación   |i 5639727  |o 340.11 MAS 1978  |p 5639727  |r 2023-01-25  |t 2  |w 2022-01-18  |y BK_US  |k AGB